| 000 | 01375nam a2200325Ia 4500 | ||
|---|---|---|---|
| 999 |
_c5352 _d5352 |
||
| 003 | OSt | ||
| 005 | 20200611103052.0 | ||
| 008 | 191128t1988 sp fr 000 0 spa d | ||
| 020 | _a8474239524 | ||
| 040 |
_aCO-JMCR _cCO-JMCR |
||
| 041 | 1 |
_aspa _heng |
|
| 082 | 0 | 4 |
_a330.02 / _bK783t _223 |
| 100 | 1 |
_aKrugman, Paul, _eautor _9825 |
|
| 245 | 1 | 3 |
_aEl teórico accidental y otras noticias de la ciencia lúgubre / _cPaul Krugman ; traducción castellana Jordi Pascual |
| 260 |
_aBarcelona : _bCrítica, _c1988 |
||
| 300 |
_a194 páginas ; _c24 cm. |
||
| 490 | 0 | _aLetras de crítica | |
| 505 | 0 | _aEmpleos, empleos, empleos -- Errores derechistas -- Globalización y globachorradas -- Ilusiones de crecimiento -- El baile de los esculadores -- Más allá del mercado | |
| 520 | _aPaul Krugman escribe mejor que ningún otro economista desde John Maynard Keynes, dice Rob Norton en la revista Fortune. Y es verdad: asombra la pasmosa facilidad con la que este profesor del Massachusets. | ||
| 534 | _pThe accidental theorist | ||
| 546 | _aTraducido del inglés | ||
| 650 | 1 | 4 |
_aEconomía _95480 |
| 650 | 1 | 4 |
_aTeoría económica _95481 |
| 650 | 1 | 4 |
_aGlobalización _95482 |
| 650 | 1 | 4 |
_aDesarrollo económico _95483 |
| 650 | 1 | 4 |
_aCrisis económica _95484 |
| 650 | 1 | 4 |
_aEspeculaciones mercantiles _95485 |
| 700 | 1 |
_aPascual, Jordi, _etraductor _95486 |
|
| 942 |
_2ddc _cBK |
||